000 00826cab a2200277 4500
001 ABS46087
008 090401t1992 xxu||||| |||| 00| 0 eng d
035 _a(Sirsi) u56776
041 _aeng
100 _aFort, M.
245 _aAutoCivil - DGM and earthworks under AutoCad
260 _c1992
350 _a0
490 _aCivil Engineering Surveyor
_v17(2) March 1992, 23-24(2)
520 _aDescribes AutoCivil, software which can be used for transfering field surveying of earthworks data into AutoCAD.
650 _aAUTOCIVIL
650 _aCIVIL ENGINEERING
650 _aDGMS
650 _aEARTHWORKS
650 _aGROUND MODELLING
650 _aSOFTWARE PACKAGES
690 _aMANAGEMENT-BUSINESS MANAGEMENT-INFORMATION MANAGEMENT
690 _aLAND SURVEYING
942 _n0
948 _c04/03/1997
999 _c34656
_d34656